| 000 | 00778nam a22002297i 4500 | ||
|---|---|---|---|
| 999 |
_c23272 _d23272 |
||
| 003 | AR-CdUCM | ||
| 008 | 250416b20212021 pe||||| |||| 00| 0 spa d | ||
| 020 | _a978-9972-08-005-0 | ||
| 040 |
_aMUNICIPALIDAD PROVINCIAL DEL CUSCO _cBIBLIOTECA MUNICIPAL DEL CUSCO |
||
| 041 | _hspa | ||
| 082 |
_aEP / 372 / G23 _bG23 |
||
| 110 |
_aGrupo Chirre S.A.C. _951133 |
||
| 245 |
_aLos Niños y las Adivinanzas : _bMas diversión y ejercicio mental ¡A todo color! |
||
| 260 |
_aLima : _bGrupo Chirre _c2021 |
||
| 300 |
_a128 páginas. : _bIlustraciones _c20x14 cm. |
||
| 650 |
_aAdivinanzas infantiles _932833 |
||
| 650 |
_aPrimera infancia _924660 |
||
| 700 |
_aChirre Osorio, Luis (adaptación) _951134 |
||
| 856 | _fwww.chirre.pe | ||
| 942 |
_2ddc _cLIBROS |
||
| 945 |
_apbjr _d16-04-2025 |
||